Sabanas Naturales (Registro nro. 19016)
[ vista simple ]
| 000 -CABECERA | |
|---|---|
| Campo de control | 00707cam a2200205 a 4500 |
| 005 - FECHA Y HORA DE LA ULTIMA TRANSACCION | |
| Campo de control | 20180803170330.0 |
| 008 - ELEMENTOS DE LONGITUD FIJA—INFORMACION GENERAL | |
| Campo de control | 990830q19900000ck spa d |
| 040 ## - FUENTE DE CATALOGACIÓN | |
| Agencia catalogadora original | CO-BoPUJ |
| Agencia transcriptora | CO-BoIAVH |
| Agencia Modificadora | CO-BoIAVH |
| 041 0# - IDIOMA | |
| Código de idioma para texto/pista de sonido o título separado | Español |
| 044 ## - PAÍS DE PUBLICACIÓN | |
| País de publicación | Colombia |
| 090 ## - CLASIFICACIÓN LOCAL | |
| Colección | FG- |
| Consecutivo | 0056 |
| 110 1# - ASIENTO PRINCIPAL--NOMBRE CORPORATIVO | |
| Nombre corporativo o de jurisdicción como elemento de entrada | Colombia. |
| Unidad subordinad | Ministerio del Medio Ambiente |
| 9 (RLIN) | 97884 |
| 245 10 - MENCION DE TITULO | |
| Título | Sabanas Naturales |
| Mención de responsabilidad | Ministerio del Medio Ambiente |
| 260 ## - PUBLICACION, DISTRIBUCION, ETC. (PIE DE IMPRENTA) | |
| Lugar de publicación, distribución, etc. | Santafe de Bogotá : |
| Nombre del editor, distribuidor, etc. | El Ministerio, |
| Fecha de publicación, distribución, etc. | 1990. |
| 300 ## - DESCRIPCION FISICA | |
| Extensión | 1 plegable : |
| Otros detalles físicos | ilustraciones y mapas ; |
| Dimensiones | 28 x 21 cm. |
| 504 ## - NOTA DE BIBLIOGRAFIA, ETC. | |
| Nota de bibliografía | Incluye referencias bibliográficas |
| Number of references | 5 |
| 650 24 - ASIENTO SECUNDARIO DE MATERIA - TERMINO TEMATICO | |
| Término temático o nombre geográfico como elemento de entrada | Sabanas naturales |
| Subdivisión geográfica | Colombia |
| 9 (RLIN) | 76227 |
| 650 26 - ASIENTO SECUNDARIO DE MATERIA - TERMINO TEMATICO | |
| Término temático o nombre geográfico como elemento de entrada | Sabanas naturales |
| Subdivisión general | conservación |
| Subdivisión geográfica | Colombia |
| 9 (RLIN) | 76228 |
| 942 ## - ELEMENTOS ADICIONALES (KOHA) | |
| Sistema de clasificación | Local |
| Tipo de ítem | Folleto |
| Withdrawn status | Lost status | Sistema de Clasificación | Damaged status | No para préstamo | Colección | Inventariado | Ubicación Permanente | Ubicación actual | Fecha de adquisición | Total Checkouts | Número topográfico | Inventario / Código de Barras | Date last seen | Price effective from | Forma de adquisición | Tipo de material |
|---|---|---|---|---|---|---|---|---|---|---|---|---|---|---|---|---|
| Local | Hemeroteca | Inventariado 2017 | Bogotá | Bogotá | 13/09/2016 | FG-0056 | 040671 | 13/09/2016 | 13/09/2016 | Donación | Folleto |